Techniko-ekonomičeskoje upravlenije v uslovjach ASU /

Na minha lista:
Detalhes bibliográficos
Main Authors: Pliner, G.A (Author), Paškevič, B.V (Author)
Formato: Livro
Idioma:russo
Publicado em: Minsk : Vyšča škola, 1975
Tags: Adicionar Tag
Sem tags, seja o primeiro a adicionar uma tag!

MARC

LEADER 00000nam a22000003a 4500
001 stu40561
005 20150617225722.4
008 930513s1975----xxr-----------------rus-d
040 |a STU  |b slo 
041 0 |a rus 
044 |a xxr 
100 1 |a Pliner, G.A  |4 aut 
245 1 |a Techniko-ekonomičeskoje upravlenije v uslovjach ASU /  |c [aut.]G.A. Pliner, B.V. Paškevič 
260 |a Minsk :  |b Vyšča škola,  |c 1975 
300 |a 254 s 
700 1 |a Paškevič, B.V  |4 aut 
996 |b 284M011966  |c M*5999-1  |l MMKN  |s A  |a 24  |w stu40561_0001